Метод проектів як ефективний засіб комунікативного та соціокультурного розвитку учнів (Запис № 285418)

МАРК-запис
000 -LEADER
fixed length control field 01884nam a22001577a 4500
041 ## - LANGUAGE CODE
Language code of text/sound track or separate title ukr
080 ## - UNIVERSAL DECIMAL CLASSIFICATION NUMBER
Universal Decimal Classification number 09
090 ## - LOCALLY ASSIGNED LC-TYPE CALL NUMBER (OCLC); LOCAL CALL NUMBER (OCLC)
Local cutter number (OCLC) ; Book number/undivided call number, CALL (RLIN) ГІЗ
100 ## - MAIN ENTRY--PERSONAL NAME
Personal name Гізун, О. Ю.
245 ## - TITLE STATEMENT
Title Метод проектів як ефективний засіб комунікативного та соціокультурного розвитку учнів
260 ## - PUBLICATION, DISTRIBUTION, ETC. (IMPRINT)
Place of publication, distribution, etc Острог
Name of publisher, distributor, etc КАФ
Date of publication, distribution, etc 2014
300 ## - PHYSICAL DESCRIPTION
Extent 55
520 ## - SUMMARY, ETC.
Summary, etc Вступ.<br/>Розділ І. Становлення методу проектів як ефективного засобу розвитку учнів.<br/>1.1. Теоретичні відомості про метод проектів та його наукове бачення<br/>1.2. Типи методу проектів та етапи їх реалізації, спрямовані на самостійну діяльність учнів<br/>1.3. Вплив методу проектів на комунікативний та соціокультурний розвиток учнів<br/>Розділ ІІ. Педагогічна проектна діяльність як спосіб організації педагогічного процесу.<br/>2.1. Специфіка методу навчальних проектів на уроках іноземної мови<br/>2.2. Дослідження досвіду роботи вчителів, які використовують метод проектів у своїй діяльності<br/>2.3. Умови та особливості навчання іншомовного спілкування на уроках англійської мови за проектною методикою<br/>Висновок.<br/>Список використаних джерел та літератури.<br/>Додатки.
-- проект, комунікація, соціокультура
650 ## - SUBJECT ADDED ENTRY--TOPICAL TERM
Topical term or geographic name as entry element Research Papers
942 ## - ADDED ENTRY ELEMENTS (KOHA)
Koha item type Книги
Фонди
Withdrawn status Lost status Source of classification or shelving scheme Damaged status Not for loan Home library Current library Date acquired Source of acquisition Cost, normal purchase price Total Checkouts Full call number Barcode Date last seen Price effective from Koha item type
    Universal Decimal Classification     ВІЛ - Відділ іноземн. літератури НБ ВІЛ - Відділ іноземн. літератури НБ 17/06/2014 Акт №8 1.00   09 215498 29/01/2019 17/06/2014 Книги